Les 10 villes les dangereuses de France - Statistiques

Statistiques générales
  • Ce quiz a été pris 621 fois
  • Le résultat moyen est 8 sur 10
Statistiques - réponses
Niveau de criminalité Réponse % Correct
61% Marseille
98%
55% Paris
98%
51% Lyon
89%
54% Lille
86%
63% Nantes
78%
48% Toulouse
74%
59% Nice
73%
53% Grenoble
65%
52% Rennes
63%
53,4% Montpellier
59%
Aucun quiz correspondant
Distribution des résultats
% des personnes avec chaque résultat
Percentile par nombre de réponses
Votre historique - résultats
Vous n’avez pas pris ce quiz